The school library ; facilities for independent study in the secondary school /

Bibliographic Details
Main Author: Ellsworth, Ralph E. (Ralph Eugene), 1907-2000
Corporate Author: Educational Facilities Laboratories
Other Authors: Wagener, Hobart D.
Format: Book
Language:English
Published: [New York] : Educational Facilities Laboratories, [1963]
Subjects:

MARC

Tag First Indicator Second Indicator Subfields
LEADER 00000cam a22000001 4500
001 in00000353039
005 20151011070910.0
008 730410s1963 nyuae b 00010 eng
010 |a  63019903  
035 |a (OCoLC)00574088 
035 |9 ABN8998AM 
040 |a DLC  |c DLC  |d TXA  |d UtOrBLW 
049 |a TXAM  |c 1 [951649], 2 [951647], 3 [951648], 4 [666051] 
050 0 0 |a Z675.S3  |b E36 
082 0 |a 027.8223 
100 1 |a Ellsworth, Ralph E.  |q (Ralph Eugene),  |d 1907-2000. 
245 1 4 |a The school library ;  |b facilities for independent study in the secondary school /  |c by Ralph E. Ellsworth and Hobart D. Wagener. Edited by Ruth Weinstock. 
264 1 |a [New York] :  |b Educational Facilities Laboratories,  |c [1963] 
300 |a 142 pages :  |b illustrations, plans. ;  |c 23 cm. 
336 |a text  |b txt  |2 rdacontent 
337 |a unmediated  |b n  |2 rdamedia 
338 |a volume  |b nc  |2 rdacarrier 
500 |a "A report from Educational Facilities Laboratories." 
504 |a Bibliography: pages 137-139. 
650 0 |a School libraries. 
700 1 |a Wagener, Hobart D. 
710 2 |a Educational Facilities Laboratories. 
999 |a MARS 
999 f f |s 7973d0f4-ee89-3eca-b08e-bcf305319a92  |i 72e5bc4a-e65d-3d64-9df7-2e0a2fd2e922  |t 0 
952 f f |p ric  |a Texas A&M University  |b Rellis Campus  |c Joint Library Facility  |s JLF  |d Remote Storage  |t 0  |e Z675.S3 E36  |h Library of Congress classification  |i unmediated -- volume  |m A14805733948 
998 f f |a Z675.S3 E36  |t 0  |l Remote Storage